[Event "II Festival A"]
[Site "Virgilio ITA"]
[Date "2012.01.02"]
[Round "1"]
[White "Bini, Massimo"]
[Black "Bontempi, Piero"]
[WhiteElo "2013"]
[BlackElo "2336"]
[Result "0-1"]
[PlyCount "126"]
[EventDate "2012.01.02"]

1. d4 d5 2. Bf4 Bf5 3. e3 e6 4. Nf3 c5 5. c3 Qb6 6. Qb3 c4 7. Qxb6 axb6 8. Bxb8
Rxb8 9. Nbd2 h6 10. Be2 b5 11. a3 Nf6 12. O-O Nd7 13. Rac1 Nb6 14. Bd1 Na4 15.
Bxa4 bxa4 16. Rfe1 Be7 17. e4 Bh7 18. exd5 exd5 19. Re5 Rd8 20. Rce1 Rd7 21.
Nh4 Kd8 22. Nhf3 Bd6 23. Rh5 Bg6 24. Rh4 f6 25. g4 Bf4 26. Nf1 Kc7 27. Ne3 Re8
28. Rh3 Kc6 29. Nh4 Bd3 30. Nhg2 Bc7 31. Nd1 Rxe1+ 32. Nxe1 Be4 33. Ne3 Re7 34.
Kf1 Bf4 35. N1g2 Bd6 36. Ne1 Re8 37. N3g2 f5 38. gxf5 Bxf5 39. Rf3 Bg6 40. Rh3
Re7 41. Ne3 Bf4 42. N1g2 Bg5 43. Rg3 Be4 44. Rh3 Re6 45. Rg3 Kd7 46. Rh3 Rb6
47. f4 Rf6 48. Ke2 Bxf4 49. Nxf4 Rxf4 50. Rg3 g6 51. Ng4 Bf3+ 52. Rxf3 Rxg4 53.
Rf7+ Ke6 54. Rf2 Rg5 55. Ke3 Rf5 56. Rg2 g5 57. h4 Kf6 58. hxg5+ hxg5 59. Rh2
g4 60. Rh8 Kg5 61. Rh7 b5 62. Rh8 g3 63. Rh7 Kg4 0-1

[Event "II Festival A"]
[Site "Virgilio ITA"]
[Date "2012.01.02"]
[Round "1"]
[White "Capaliku, Aleks"]
[Black "Tratar, Marko"]
[WhiteElo "2099"]
[BlackElo "2499"]
[Result "0-1"]
[PlyCount "50"]
[EventDate "2012.01.02"]

1. f4 b6 2. Nf3 Bb7 3. e3 g6 4. d4 Bg7 5. Bd3 Nf6 6. O-O O-O 7. c4 e6 8. Nc3 d5
9. Ne5 c5 10. dxc5 bxc5 11. b3 Nfd7 12. Nxd7 Bxc3 13. Nxc5 Bxa1 14. Ba3 Bg7 15.
Nxb7 Qb6 16. cxd5 exd5 17. Bxf8 Bxf8 18. Qf3 Nc6 19. f5 Ne5 20. Qe2 Qxb7 21.
fxg6 hxg6 22. h4 Qb6 23. h5 Bh6 24. hxg6 Qxe3+ 25. Kh1 fxg6 0-1

[Event "II Festival A"]
[Site "Virgilio ITA"]
[Date "2012.01.02"]
[Round "1"]
[White "Ceschia, Ivano"]
[Black "Chiarion, Elisa"]
[WhiteElo "2319"]
[BlackElo "2003"]
[Result "1-0"]
[PlyCount "63"]
[EventDate "2012.01.02"]

1. e4 c5 2. Nf3 d6 3. d4 cxd4 4. Qxd4 Nc6 5. Bb5 Bd7 6. Bxc6 Bxc6 7. Nc3 Nf6 8.
Bg5 e5 9. Qd3 Be7 10. O-O-O Ng4 11. Bxe7 Qxe7 12. Rhf1 O-O-O 13. Nd5 Bxd5 14.
Qxd5 Kb8 15. Qd3 g6 16. Rd2 f5 17. Re1 f4 18. Kb1 h6 19. c4 g5 20. Ng1 h5 21.
h3 Nf6 22. f3 g4 23. hxg4 hxg4 24. Red1 Rh2 25. fxg4 Nxg4 26. c5 d5 27. exd5
Qxc5 28. Rc1 Qa5 29. Nf3 Rh6 30. Qf5 Ra6 31. a3 Rg8 32. Rdc2 1-0

[Event "II Festival A"]
[Site "Virgilio ITA"]
[Date "2012.01.02"]
[Round "1"]
[White "Guido, Flavio"]
[Black "Picco, Ruggero"]
[WhiteElo "2396"]
[BlackElo "2024"]
[Result "1-0"]
[PlyCount "73"]
[EventDate "2012.01.02"]

1. e4 e5 2. Nf3 Nc6 3. Bc4 Be7 4. d4 d6 5. d5 Nb8 6. Bd3 Nf6 7. c4 Nbd7 8. Nc3
Nc5 9. Bc2 a5 10. a3 O-O 11. Be3 b6 12. b4 axb4 13. axb4 Rxa1 14. Qxa1 Ncd7 15.
Qa7 Ne8 16. O-O Ndf6 17. h3 Bd7 18. c5 bxc5 19. bxc5 c6 20. Rd1 cxd5 21. exd5
Qc7 22. c6 Bc8 23. Qa8 Qd8 24. Ra1 Nc7 25. Qa5 Na6 26. Bb6 Qe8 27. Bd3 Nc5 28.
Bxc5 dxc5 29. Nxe5 Bd6 30. Nc4 Be5 31. Nxe5 Qxe5 32. Rd1 Qh5 33. Qxc5 Re8 34.
Bf1 Bg4 35. hxg4 Nxg4 36. Qd6 g5 37. Qg3 1-0

[Event "II Festival A"]
[Site "Virgilio ITA"]
[Date "2012.01.02"]
[Round "1"]
[White "La Venia, Stefano"]
[Black "Arnaudov, G. Petar"]
[WhiteElo "2055"]
[BlackElo "2473"]
[Result "0-1"]
[PlyCount "138"]
[EventDate "2012.01.02"]

1. e4 e5 2. Nf3 Nc6 3. Bc4 Bc5 4. c3 Nf6 5. d3 O-O 6. O-O d5 7. exd5 Nxd5 8.
Nbd2 Nb6 9. Ne4 Be7 10. Bb3 Bg4 11. Re1 Kh8 12. Ng3 Qd7 13. h3 Bxf3 14. Qxf3 f5
15. Bc2 Bd6 16. b3 Rae8 17. Bb2 g6 18. Rad1 a5 19. a3 Be7 20. b4 Bf6 21. b5 Nd8
22. a4 Nc8 23. d4 exd4 24. Rxe8 Qxe8 25. cxd4 Nd6 26. Bb3 Ne6 27. Qc3 Qd7 28.
Re1 Ng5 29. Qxa5 f4 30. Ne2 f3 31. Nf4 fxg2 32. Kxg2 Qf5 33. Qd2 Bg7 34. Bc1
Nxh3 35. Nxh3 Qg4+ 36. Kh2 Rf3 37. Ng5 Rxb3 38. Qa2 Qf5 39. Qxb3 Qxf2+ 40. Kh3
Qxe1 41. Be3 Bh6 42. Qe6 Qh1+ 43. Kg3 Nf5+ 44. Kf2 Qh2+ 45. Ke1 Qh4+ 46. Ke2
Qg4+ 47. Kd3 Qd1+ 48. Kc3 Qe1+ 49. Kb2 Qb4+ 50. Kc1 Qc3+ 51. Kb1 Qd3+ 52. Kb2
Qe2+ 53. Kb1 Qf1+ 54. Kc2 Qg2+ 55. Kd3 Bxg5 56. Qc8+ Kg7 57. Qxc7+ Kh6 58.
Bxg5+ Kxg5 59. Qd8+ Kg4 60. d5 Qf1+ 61. Kc3 Qc1+ 62. Kb4 Qd2+ 63. Kc4 Qd4+ 64.
Kb3 b6 65. a5 Qd3+ 66. Kb4 Qd2+ 67. Kc4 Ne3+ 68. Kb3 Qd3+ 69. Ka2 Qc4+ 0-1

[Event "II Festival A"]
[Site "Virgilio ITA"]
[Date "2012.01.02"]
[Round "1"]
[White "Naumkin, Igor"]
[Black "Arnetta, Maria Teresa"]
[WhiteElo "2443"]
[BlackElo "2031"]
[Result "1-0"]
[PlyCount "69"]
[EventDate "2012.01.02"]

1. d4 d5 2. c4 e6 3. Nf3 c5 4. cxd5 exd5 5. Nc3 Nc6 6. g3 Nf6 7. Bg2 Be7 8. O-O
O-O 9. Bf4 cxd4 10. Nxd4 Bg4 11. Rc1 Qd7 12. Qa4 Rac8 13. Rfd1 Rfd8 14. Nb3 Qe6
15. Bg5 Ne4 16. Bxe7 Nxc3 17. Rxc3 Qxe2 18. Rf1 b5 19. Qf4 Nxe7 20. Nd4 Qxb2
21. Rb3 Qxa2 22. Qxg4 Rc4 23. Re3 Ng6 24. Qg5 Rcc8 25. h4 Qc4 26. Rd1 Qa4 27.
Red3 h6 28. Qf5 Ne7 29. Qe5 Ng6 30. Qh5 b4 31. Bxd5 Rc7 32. Nf5 Nf8 33. Bxf7+
Rxf7 34. Rxd8 Qc2 35. Ne7+ 1-0

[Event "II Festival A"]
[Site "Virgilio ITA"]
[Date "2012.01.02"]
[Round "1"]
[White "Radice, Luca"]
[Black "Genocchio, Daniele"]
[WhiteElo "2025"]
[BlackElo "2434"]
[Result "0-1"]
[PlyCount "80"]
[EventDate "2012.01.02"]

1. d4 Nf6 2. c4 e6 3. Nf3 c5 4. d5 b5 5. dxe6 fxe6 6. cxb5 Bb7 7. Nc3 Be7 8.
Bg5 O-O 9. e3 a6 10. a4 d5 11. Be2 axb5 12. Bxb5 Nc6 13. O-O Qc7 14. Bf4 Bd6
15. Bxd6 Qxd6 16. Qe2 e5 17. e4 d4 18. Nd5 Kh8 19. Nxf6 Rxf6 20. Nd2 Nb4 21.
Bd3 Rh6 22. Rfc1 Rh4 23. f3 Qh6 24. Nf1 Nxd3 25. Qxd3 Ba6 26. Qd2 c4 27. Qa5
Rh5 28. Rxc4 Qe6 29. Rxd4 exd4 30. Qxh5 Qb6 31. a5 Qxb2 32. Qd5 Rb8 33. Rd1 d3
34. h3 h6 35. Qd6 Bc4 36. Ne3 Qb3 37. Kh2 Rc8 38. a6 Qa4 39. Rc1 Qxa6 40. Nxc4
Qxd6+ 0-1

[Event "II Festival A"]
[Site "Virgilio ITA"]
[Date "2012.01.02"]
[Round "1"]
[White "Rusev, Krasimir"]
[Black "Paltrinieri, Nicholas"]
[WhiteElo "2518"]
[BlackElo "2109"]
[Result "1-0"]
[PlyCount "131"]
[EventDate "2012.01.02"]

1. d4 e6 2. c4 f5 3. g3 Nf6 4. Bg2 Be7 5. Nf3 O-O 6. O-O d6 7. Nc3 a5 8. Qc2
Nc6 9. Rd1 Qe8 10. a3 e5 11. e3 Qh5 12. b3 f4 13. d5 Bf5 14. e4 Bg4 15. dxc6
Bxf3 16. Bxf3 Qxf3 17. cxb7 Rab8 18. Rd3 Qh5 19. f3 fxg3 20. hxg3 d5 21. cxd5
Ng4 22. Na4 Rxb7 23. Ra2 Nf6 24. Qc4 Bd6 25. Rg2 h6 26. Bd2 Nh7 27. Rh2 Qf7 28.
Rf2 Bxa3 29. Qc6 Rfb8 30. Qe6 Qxe6 31. dxe6 Nf8 32. b4 axb4 33. Nc5 Rb5 34. e7
b3 35. exf8=Q+ Rxf8 36. Nxb3 Rfb8 37. Nc1 Bc5 38. Be3 Rb1 39. Rc2 Bd6 40. Kf2
Kf7 41. Rdc3 Ke6 42. Bc5 Ra8 43. Bxd6 cxd6 44. Rc7 Raa1 45. Ne2 Rf1+ 46. Kg2 g6
47. g4 Kf6 48. Rd2 Rfd1 49. Rxd1 Rxd1 50. Nc3 Rd2+ 51. Kg3 h5 52. Nd5+ Kg5 53.
gxh5 gxh5 54. Rg7+ Kh6 55. Rg8 Rd1 56. Kg2 h4 57. Rg4 Kh5 58. Nf6+ Kh6 59. Rg8
Rd3 60. Nd5 Kh5 61. Rf8 Kg5 62. Kh3 Rd1 63. Rg8+ Kh5 64. Nf6+ Kh6 65. Kxh4 d5
66. Kg4 1-0

[Event "II Festival A"]
[Site "Virgilio ITA"]
[Date "2012.01.03"]
[Round "2"]
[White "Genocchio, Daniele"]
[Black "Basso, Pier Luigi"]
[WhiteElo "2434"]
[BlackElo "2163"]
[Result "1/2-1/2"]
[PlyCount "37"]
[EventDate "2012.01.02"]

1. Nc3 c5 2. e4 Nc6 3. f4 g6 4. Nf3 Bg7 5. g3 e6 6. Bg2 Nge7 7. d3 Nd4 8. O-O
d6 9. Be3 O-O 10. Qd2 Rb8 11. a4 a6 12. Rab1 Nec6 13. Ne2 b5 14. axb5 Rxb5 15.
Nexd4 Nxd4 16. b4 Qb6 17. bxc5 Qxc5 18. Rxb5 axb5 19. Nxd4 1/2-1/2

[Event "II Festival A"]
[Site "Virgilio ITA"]
[Date "2012.01.03"]
[Round "2"]
[White "Lantini, Marco"]
[Black "Guido, Flavio"]
[WhiteElo "2136"]
[BlackElo "2396"]
[Result "0-1"]
[PlyCount "100"]
[EventDate "2012.01.02"]

1. e4 c5 2. Nf3 e6 3. d4 cxd4 4. Nxd4 Nf6 5. Nc3 d6 6. g4 h6 7. h3 Nc6 8. Be3
a6 9. Qd2 Nxd4 10. Qxd4 e5 11. Qb6 Qxb6 12. Bxb6 Be6 13. Bg2 Rc8 14. O-O-O Be7
15. Be3 b5 16. Kb1 O-O 17. g5 hxg5 18. Bxg5 Rfd8 19. h4 Rc5 20. a3 Kf8 21. Be3
Rc4 22. Bf1 Rxc3 23. bxc3 Nxe4 24. Kb2 Rc8 25. Rd3 Bc4 26. Bh3 Rc7 27. Rdd1 Be2
28. Rde1 Bf3 29. Rh2 Nxc3 30. Bg2 Bh5 31. Bd2 Na4+ 32. Kb1 Nc3+ 33. Kb2 Na4+
34. Kb1 Rc4 35. Re4 Nc3+ 36. Bxc3 Rxc3 37. Rh3 Rc5 38. Ree3 Bg4 39. Rhg3 f5 40.
Bh3 Bxh4 41. Rg2 Bxh3 42. Rxh3 g5 43. Kb2 Ke7 44. Rc3 e4 45. Rxc5 dxc5 46. Kc3
Kf6 47. Rh2 f4 48. Kd2 Bxf2 49. Rh6+ Kf5 50. Rxa6 f3 0-1

[Event "II Festival A"]
[Site "Virgilio ITA"]
[Date "2012.01.03"]
[Round "2"]
[White "Negro, Roberto"]
[Black "Naumkin, Igor"]
[WhiteElo "2212"]
[BlackElo "2443"]
[Result "0-1"]
[PlyCount "61"]
[EventDate "2012.01.02"]

1. d4 e6 2. Nf3 Nf6 3. e3 b6 4. Bd3 Bb7 5. Nbd2 c5 6. b3 Nc6 7. c4 cxd4 8. exd4
d5 9. Bb2 Bd6 10. O-O O-O 11. Ne5 dxc4 12. Ndxc4 Be7 13. Nxc6 Bxc6 14. Ne5 Bb7
15. f4 g6 16. Qe1 Qd5 17. Qg3 Nh5 18. Qh3 Rac8 19. Rae1 Qa5 20. a3 Bxa3 21. Ra1
Bxb2 22. Rxa5 Bxd4+ 23. Kh1 bxa5 24. Nc4 Ba8 25. Be2 Nf6 26. Nxa5 Rc3 27. Qh4
Rc2 28. Bf3 Ne4 29. Qe7 Nf2+ 30. Kg1 Ng4+ 31. Kh1 0-1

[Event "II Festival A"]
[Site "Virgilio ITA"]
[Date "2012.01.03"]
[Round "2"]
[White "Sbarra, Marco"]
[Black "Rusev, Krasimir"]
[WhiteElo "2288"]
[BlackElo "2518"]
[Result "1/2-1/2"]
[PlyCount "104"]
[EventDate "2012.01.02"]

1. d4 d6 2. Nf3 Bg4 3. c4 g6 4. Qb3 Qc8 5. Nc3 Bg7 6. e3 e5 7. Be2 exd4 8. Nxd4
Nf6 9. f3 Bd7 10. O-O O-O 11. Rd1 Nc6 12. Nxc6 bxc6 13. e4 c5 14. Be3 Re8 15.
Qc2 Qb7 16. Rab1 Rab8 17. g4 Bc6 18. g5 Nxe4 19. fxe4 Bxe4 20. Nxe4 Qxe4 21.
Rd3 d5 22. Bxc5 Qxe2 23. Qxe2 Rxe2 24. Rxd5 Bxb2 25. Rbd1 a6 26. Rd7 Re4 27.
Rd8+ Re8 28. R8d7 Re4 29. Rd8+ Re8 30. R8d7 Rbc8 31. Be7 c5 32. R1d5 Bd4+ 33.
Kg2 h6 34. h4 hxg5 35. hxg5 Rc6 36. Rd8 Rxd8 37. Rxd8+ Kg7 38. Rd5 Rc7 39. Bd6
Rc8 40. Be5+ Bxe5 41. Rxe5 Rc7 42. Rd5 f6 43. gxf6+ Kxf6 44. Kf3 Rc6 45. Kf4
Ke6 46. Kg5 Ke7 47. Kg4 Rd6 48. Rxc5 Rd4+ 49. Kg5 Kd6 50. Ra5 Rxc4 51. Rxa6+
Rc6 52. Rxc6+ Kxc6 1/2-1/2

[Event "II Festival A"]
[Site "Virgilio ITA"]
[Date "2012.01.03"]
[Round "2"]
[White "Tratar, Marko"]
[Black "Ceschia, Ivano"]
[WhiteElo "2499"]
[BlackElo "2319"]
[Result "1-0"]
[PlyCount "107"]
[EventDate "2012.01.02"]

1. Nf3 c5 2. c4 Nc6 3. d4 cxd4 4. Nxd4 g6 5. e4 Bg7 6. Be3 Nf6 7. Nc3 d6 8. Be2
O-O 9. O-O Nxd4 10. Bxd4 Be6 11. Qd2 Qa5 12. Rad1 Rfc8 13. b3 Nd7 14. Nd5 Qd8
15. Bxg7 Kxg7 16. Qd4+ Kg8 17. Nf4 Nf8 18. e5 dxe5 19. Qxe5 Qc7 20. Qe3 Qc5 21.
Nxe6 Qxe3 22. fxe3 fxe6 23. Rd4 a5 24. Bf3 Rab8 25. Rfd1 b5 26. cxb5 Rxb5 27.
Kf2 Kg7 28. R1d2 Rbc5 29. Be4 e5 30. Rd5 Ne6 31. Ke2 Ng5 32. Rxc5 Rxc5 33. Bd5
Kf6 34. h4 Ne6 35. Bc4 h5 36. Rd5 Kf5 37. Kf3 g5 38. e4+ Kf6 39. Rxc5 Nxc5 40.
g3 gxh4 41. gxh4 Nd7 42. Bb5 Nc5 43. Bc4 Nd7 44. Ke3 Nf8 45. a4 Nd7 46. b4 Nb6
47. Bb3 axb4 48. a5 Nd7 49. a6 Nb6 50. a7 e6 51. Ba4 Ke7 52. Bc6 Kd6 53. a8=Q
Nxa8 54. Bxa8 1-0

[Event "II Festival A"]
[Site "Virgilio ITA"]
[Date "2012.01.03"]
[Round "2"]
[White "Xia, Jie"]
[Black "Dvirnyy, Danyyil"]
[WhiteElo "2269"]
[BlackElo "2492"]
[Result "0-1"]
[PlyCount "90"]
[EventDate "2012.01.02"]

1. d4 d5 2. Nf3 Nf6 3. e3 g6 4. b3 Bg7 5. Bb2 O-O 6. Be2 a5 7. a3 a4 8. b4 c6
9. c4 dxc4 10. Bxc4 Ne4 11. Nfd2 Nd6 12. Be2 b5 13. Nc3 Be6 14. O-O Nd7 15.
Nce4 Nxe4 16. Nxe4 Bd5 17. Qc2 e5 18. dxe5 Nxe5 19. f4 Nd7 20. Bxg7 Kxg7 21.
Nc5 Nxc5 22. Qxc5 Qf6 23. Rac1 Rfe8 24. Qc3 Rad8 25. Rfd1 Be4 26. Kf2 Qxc3 27.
Rxc3 f5 28. Rxd8 Rxd8 29. Bf3 Rd2+ 30. Ke1 Ra2 31. Bxe4 fxe4 32. Kf1 Kf7 33.
Rxc6 Rxa3 34. Rb6 Rb3 35. Rxb5 h5 36. Rb6 a3 37. Ra6 h4 38. h3 Rb1+ 39. Kf2
Rb2+ 40. Kg1 a2 41. Kh2 Ke7 42. b5 Kd7 43. Ra7+ Kc8 44. b6 Kb8 45. Ra5 Kb7 0-1

[Event "II Festival A"]
[Site "Virgilio ITA"]
[Date "2012.01.03"]
[Round "3"]
[White "Basso, Pier Luigi"]
[Black "Xia, Jie"]
[WhiteElo "2163"]
[BlackElo "2269"]
[Result "0-1"]
[PlyCount "152"]
[EventDate "2012.01.02"]

1. e4 Nf6 2. e5 Nd5 3. c4 Nb6 4. c5 Nd5 5. Bc4 e6 6. Nc3 Bxc5 7. Nxd5 exd5 8.
Bxd5 O-O 9. d4 Bb4+ 10. Bd2 Bxd2+ 11. Qxd2 d6 12. Nf3 c6 13. Be4 Bg4 14. Qg5
Bxf3 15. Qxd8 Rxd8 16. gxf3 dxe5 17. dxe5 Nd7 18. f4 Nc5 19. Bc2 Ne6 20. f5 Nd4
21. O-O-O Kf8 22. h4 Rd5 23. e6 Rad8 24. Rde1 Re8 25. f6 Rxe6 26. fxg7+ Kxg7
27. Rhg1+ Kf8 28. Rxe6 Nxe6 29. Bxh7 Rh5 30. Rg8+ Ke7 31. Bd3 Rxh4 32. Rb8 Nc5
33. Be2 Kd6 34. Kd2 a5 35. Rd8+ Ke7 36. Ra8 a4 37. Rg8 Ne4+ 38. Ke3 Nf6 39. Rg1
Rb4 40. Rb1 a3 41. b3 Nd5+ 42. Kd3 Rf4 43. f3 Rh4 44. Re1 Kd7 45. Rd1 Kc7 46.
Rd2 b5 47. Bf1 Rh1 48. Rf2 Kd6 49. f4 f5 50. Kd2 Rh4 51. Bd3 Rxf4 52. Rxf4 Nxf4
53. Bxf5 Nd5 54. Bh7 Nb4 55. Bb1 Kc5 56. Kc3 Nd5+ 57. Kd3 Kb4 58. Kd2 Nc3 59.
Bh7 Nxa2 60. Kc2 Nc3 61. Bg8 Ne2 62. Kb1 c5 63. Bf7 Kc3 64. Bg8 Nd4 65. Ka2 b4
66. Bf7 Nf3 67. Bh5 Ne5 68. Be8 Kc2 69. Bb5 Nd3 70. Be8 Nc1+ 71. Ka1 Nxb3+ 72.
Ka2 Nc1+ 73. Ka1 b3 74. Bg6+ Kc3 75. Bc2 b2+ 76. Kb1 a2# 0-1

[Event "II Festival A"]
[Site "Virgilio ITA"]
[Date "2012.01.03"]
[Round "3"]
[White "Ceschia, Ivano"]
[Black "Picco, Ruggero"]
[WhiteElo "2319"]
[BlackElo "2024"]
[Result "1/2-1/2"]
[PlyCount "65"]
[EventDate "2012.01.02"]

1. e4 e5 2. Nf3 Nc6 3. Nc3 Nf6 4. Bb5 Nd4 5. Ba4 Nxf3+ 6. Qxf3 c6 7. d3 d6 8.
h3 Be7 9. Bb3 Be6 10. Nd1 O-O 11. Ne3 Qd7 12. Bxe6 fxe6 13. Qe2 Rf7 14. Ng4
Raf8 15. Be3 Bd8 16. Nxf6+ Rxf6 17. f3 Ba5+ 18. c3 Bb6 19. Bxb6 axb6 20. Qe3
Qd8 21. O-O-O c5 22. d4 exd4 23. cxd4 Qc7 24. Kb1 Rd8 25. Rd2 d5 26. Rhd1 c4
27. e5 Rf7 28. Rf2 b5 29. Qc3 Ra8 30. a3 Ra4 31. f4 Qb6 32. Rf3 b4 33. Rc1
1/2-1/2

[Event "II Festival A"]
[Site "Virgilio ITA"]
[Date "2012.01.03"]
[Round "3"]
[White "Gilevych, Artem"]
[Black "Sbarra, Marco"]
[WhiteElo "2279"]
[BlackElo "2288"]
[Result "1/2-1/2"]
[PlyCount "40"]
[EventDate "2012.01.02"]

1. d4 Nf6 2. Nf3 d5 3. c4 e6 4. Nc3 Bb4 5. Qb3 c5 6. e3 O-O 7. a3 Bxc3+ 8. bxc3
Nc6 9. cxd5 exd5 10. Be2 Ne4 11. O-O c4 12. Qb2 Bg4 13. Bd1 Na5 14. Bc2 Bxf3
15. gxf3 Qg5+ 16. Kh1 Nd6 17. Qb4 Qf6 18. Qxa5 Qxf3+ 19. Kg1 Qg4+ 20. Kh1 Qf3+
1/2-1/2

[Event "II Festival A"]
[Site "Virgilio ITA"]
[Date "2012.01.03"]
[Round "3"]
[White "Guido, Flavio"]
[Black "Arnaudov, G. Petar"]
[WhiteElo "2396"]
[BlackElo "2473"]
[Result "1-0"]
[PlyCount "77"]
[EventDate "2012.01.02"]

1. e4 e5 2. Nf3 Nc6 3. Bc4 Bc5 4. c3 Nf6 5. d3 O-O 6. O-O d5 7. exd5 Nxd5 8.
Re1 Bg4 9. h3 Bh5 10. Nbd2 Nb6 11. b4 Be7 12. g4 Bg6 13. b5 Na5 14. Nxe5 Naxc4
15. Ndxc4 Nxc4 16. dxc4 Qxd1 17. Rxd1 Bc2 18. Rd2 Ba4 19. Rd7 Bd6 20. Nf3 f5
21. Nd4 fxg4 22. hxg4 Bd1 23. Bh6 gxh6 24. Rxd1 Rad8 25. Rxd8 Rxd8 26. Re1 Kf7
27. Kg2 Bf8 28. a4 Bg7 29. Re4 Bf6 30. Kf3 c5 31. bxc6 bxc6 32. Nxc6 Rd7 33.
Ne5+ Bxe5 34. Rxe5 Rc7 35. c5 Rc6 36. Ke4 Ra6 37. Kd5 Rxa4 38. c6 Ra5+ 39. Ke4
1-0

[Event "II Festival A"]
[Site "Virgilio ITA"]
[Date "2012.01.03"]
[Round "3"]
[White "La Venia, Stefano"]
[Black "Mrdja, Milan"]
[WhiteElo "2055"]
[BlackElo "2389"]
[Result "0-1"]
[PlyCount "68"]
[EventDate "2012.01.02"]

1. e4 c5 2. Nf3 e6 3. d4 cxd4 4. Nxd4 Nf6 5. e5 Qa5+ 6. Nc3 Qxe5+ 7. Be2 Nc6 8.
Nf3 Qb8 9. O-O Be7 10. a3 O-O 11. Ng5 d5 12. f4 Rd8 13. Bd3 h6 14. Nf3 Bd6 15.
g3 e5 16. fxe5 Nxe5 17. Nxe5 Bxe5 18. Ne2 Bh3 19. Rf3 Ne4 20. Qe1 Qc7 21. Nf4
Ng5 22. Rf2 Bd4 23. Kh1 Bxf2 24. Qxf2 Bg4 25. Be3 d4 26. Bxd4 Qc6+ 27. Ng2 Bf3
28. Bc3 Be4 29. Rd1 Bxd3 30. cxd3 Ne4 31. Qc2 Nxc3 32. bxc3 Rac8 33. Rc1 Qd6
34. d4 Qxa3 0-1

[Event "II Festival A"]
[Site "Virgilio ITA"]
[Date "2012.01.03"]
[Round "3"]
[White "Radice, Luca"]
[Black "Negro, Roberto"]
[WhiteElo "2025"]
[BlackElo "2212"]
[Result "1-0"]
[PlyCount "80"]
[EventDate "2012.01.02"]

1. d4 d5 2. c4 e6 3. Nc3 c6 4. e4 dxe4 5. Nxe4 Bb4+ 6. Nc3 Nf6 7. a3 Bxc3+ 8.
bxc3 Qa5 9. Bd2 c5 10. Bd3 O-O 11. Nf3 Nc6 12. O-O Rd8 13. Qc2 cxd4 14. cxd4
Qh5 15. Bc3 b6 16. Rab1 h6 17. h3 e5 18. dxe5 Rxd3 19. Qxd3 Bf5 20. Qd6 Ne4 21.
Qxc6 Rc8 22. Qb7 Nxc3 23. Rbe1 Rxc4 24. Re3 Be4 25. Qb8+ Kh7 26. Nd2 Rd4 27.
Nxe4 Nxe4 28. Qxa7 Qg6 29. a4 Nd2 30. Rfe1 Qe6 31. a5 Rb4 32. axb6 Rxb6 33. Rd3
Nc4 34. Rd7 Kg6 35. Re7 Qd5 36. e6 Rxe6 37. R1xe6+ fxe6 38. Rxg7+ Kf5 39. Qf7+
Ke5 40. Qh5+ Ke4 1-0

[Event "II Festival A"]
[Site "Virgilio ITA"]
[Date "2012.01.03"]
[Round "3"]
[White "Rusev, Krasimir"]
[Black "Genocchio, Daniele"]
[WhiteElo "2518"]
[BlackElo "2434"]
[Result "1-0"]
[PlyCount "113"]
[EventDate "2012.01.02"]

1. d4 d6 2. Nf3 g6 3. c4 f5 4. b4 Bg7 5. Bb2 Nf6 6. g3 O-O 7. Bg2 Qe8 8. O-O
Nc6 9. b5 Nd8 10. Nbd2 e5 11. dxe5 Ng4 12. Qc2 dxe5 13. e4 f4 14. a4 fxg3 15.
hxg3 Ne6 16. c5 g5 17. Bh3 Qh5 18. Bxg4 Qxg4 19. Qb3 Rf7 20. Nxe5 Bxe5 21. Bxe5
Nf4 22. Bxf4 gxf4 23. Qf3 Qg5 24. e5 fxg3 25. Qxg3 Rg7 26. Qxg5 Rxg5+ 27. Kh2
Rxe5 28. Nf3 Rxc5 29. Rg1+ Kf8 30. Rac1 Rh5+ 31. Kg3 c5 32. bxc6 bxc6 33. Kf4
Rf5+ 34. Kg3 Bd7 35. Rh1 h5 36. Nd4 Rg5+ 37. Kh2 Rb8 38. f4 Rb2+ 39. Rc2 Rxc2+
40. Nxc2 Rd5 41. Kg3 Ke7 42. Ne3 Rd3 43. Kf3 Be8 44. Rb1 c5 45. Rb7+ Rd7 46.
Rb8 Bf7 47. Rh8 Rc7 48. Ke2 c4 49. Rh7 Kd6 50. Kd2 c3+ 51. Kc1 Bb3 52. Nf5+ Kc6
53. Nd4+ Kb7 54. Rxc7+ Kxc7 55. Nxb3 h4 56. Nd4 h3 57. Nf3 1-0

[Event "II Festival A"]
[Site "Virgilio ITA"]
[Date "2012.01.04"]
[Round "4"]
[White "Arnaudov, G. Petar"]
[Black "Capaliku, Aleks"]
[WhiteElo "2473"]
[BlackElo "2099"]
[Result "1-0"]
[PlyCount "71"]
[EventDate "2012.01.02"]

1. Nf3 f5 2. d3 d5 3. g3 Nf6 4. Bg2 e6 5. O-O Bd6 6. c4 c6 7. Nc3 dxc4 8. dxc4
O-O 9. e4 e5 10. Qb3 Qb6 11. Nb5 Bc5 12. Nc3 fxe4 13. Qxb6 Bxb6 14. Ng5 Na6 15.
Ngxe4 Nxe4 16. Nxe4 Bd4 17. Rb1 Bf5 18. Be3 Rad8 19. b4 Bxe4 20. Bxe4 Bxe3 21.
fxe3 Rxf1+ 22. Kxf1 Nc7 23. Ke2 g6 24. h4 Kg7 25. a4 Rd6 26. b5 cxb5 27. axb5
Rb6 28. Rd1 Ne6 29. Rd7+ Kf6 30. Rxh7 Nc5 31. Bd5 Kf5 32. Rc7 Na4 33. Kf3 e4+
34. Bxe4+ Ke5 35. Bxb7 Rf6+ 36. Kg4 1-0

[Event "II Festival A"]
[Site "Virgilio ITA"]
[Date "2012.01.04"]
[Round "4"]
[White "Bertani, Gianfranco"]
[Black "Ceschia, Ivano"]
[WhiteElo "2059"]
[BlackElo "2319"]
[Result "0-1"]
[PlyCount "82"]
[EventDate "2012.01.02"]

1. Nf3 g6 2. d4 Nf6 3. Bf4 Bg7 4. Nc3 d5 5. Nb5 Na6 6. h3 O-O 7. e3 Ne4 8. Na3
c5 9. c3 Qa5 10. Qc1 Bf5 11. g4 Bd7 12. Bd3 f6 13. Nc4 dxc4 14. Bxe4 cxd4 15.
exd4 e5 16. Bh6 exd4 17. Bxg7 Kxg7 18. b4 cxb3 19. axb3 Qb5 20. c4 Qb4+ 21. Kf1
Nc5 22. Bd5 Be6 23. Bxe6 Nxe6 24. Qe1 Qd6 25. Qe4 Rf7 26. Qd5 Rd7 27. Ra5 a6
28. g5 fxg5 29. Ne5 Rdd8 30. Qxb7+ Qc7 31. Qxc7+ Nxc7 32. Ke2 Ne6 33. h4 Rdb8
34. Ra3 Re8 35. Ra5 Rab8 36. Kd2 Rxb3 37. Rxa6 Rb2+ 38. Kc1 Rb7 39. hxg5 Nc5
40. Ng4 Nxa6 41. Nf6 Rh8 0-1

[Event "II Festival A"]
[Site "Virgilio ITA"]
[Date "2012.01.04"]
[Round "4"]
[White "Bontempi, Piero"]
[Black "Naumkin, Igor"]
[WhiteElo "2336"]
[BlackElo "2443"]
[Result "1/2-1/2"]
[PlyCount "75"]
[EventDate "2012.01.02"]

1. e4 e6 2. d4 d5 3. Bd3 dxe4 4. Bxe4 Nf6 5. Bd3 c5 6. c3 cxd4 7. cxd4 Nc6 8.
Nf3 Nb4 9. Be2 Be7 10. O-O O-O 11. a3 Nbd5 12. Ne5 Bd7 13. Nd2 Nf4 14. Bf3 Bb5
15. Ndc4 N4d5 16. Re1 Bxc4 17. Nxc4 Rc8 18. Ne3 Qd7 19. Nxd5 Nxd5 20. Qb3 Rfd8
21. Be3 Bf6 22. Rac1 g6 23. g3 Kg7 24. Rc2 h5 25. Rec1 Rxc2 26. Rxc2 h4 27. Qc4
hxg3 28. hxg3 Nxe3 29. fxe3 e5 30. d5 b5 31. Qe4 Qh3 32. Kf2 Qh2+ 33. Bg2 Rh8
34. Qg4 Rh5 35. Rc1 Rf5+ 36. Qxf5 gxf5 37. Rh1 Qxh1 38. Bxh1 1/2-1/2

[Event "II Festival A"]
[Site "Virgilio ITA"]
[Date "2012.01.04"]
[Round "4"]
[White "Genocchio, Daniele"]
[Black "Di Primio, Eugenia"]
[WhiteElo "2434"]
[BlackElo "1972"]
[Result "1-0"]
[PlyCount "95"]
[EventDate "2012.01.02"]

1. e4 e5 2. Nf3 Nc6 3. Bc4 Bc5 4. O-O Nf6 5. d4 exd4 6. e5 d5 7. exf6 dxc4 8.
fxg7 Rg8 9. Bg5 Be7 10. Bxe7 Kxe7 11. Re1+ Kf6 12. Nbd2 Qd5 13. c3 Kxg7 14.
cxd4 Nxd4 15. Qc1 Kf8 16. Qc3 Nxf3+ 17. Nxf3 Be6 18. Rad1 Qf5 19. Nd4 Qg5 20.
Nxe6+ fxe6 21. Qf3+ Qf5 22. Qxb7 Re8 23. Qxc7 Rg7 24. Qxc4 Qf3 25. g3 Rf7 26.
Qc5+ Kg8 27. Rd5 Ref8 28. Rg5+ Kh8 29. Qd4+ Rf6 30. Rf1 R8f7 31. Qd8+ Rf8 32.
Qd4 R8f7 33. Ra5 Qb7 34. b3 Kg8 35. Rg5+ Kh8 36. Rc1 Rf8 37. Qe5 Qf3 38. Rf1 a6
39. Rh5 R8f7 40. Rh6 Kg7 41. Rh4 Kg8 42. Ra4 Qf5 43. Qb8+ Rf8 44. Qb7 e5 45.
Rxa6 Rxa6 46. Qxa6 e4 47. Qc4+ Rf7 48. Qc3 1-0

[Event "II Festival A"]
[Site "Virgilio ITA"]
[Date "2012.01.04"]
[Round "4"]
[White "Guido, Flavio"]
[Black "Dvirnyy, Danyyil"]
[WhiteElo "2396"]
[BlackElo "2492"]
[Result "0-1"]
[PlyCount "78"]
[EventDate "2012.01.02"]

1. e4 e6 2. d4 d5 3. Nd2 dxe4 4. Nxe4 Nd7 5. Nf3 Ngf6 6. Nxf6+ Nxf6 7. Bd3 c5
8. Be3 Nd5 9. Ne5 Bd6 10. Qh5 g6 11. Qh6 Nxe3 12. fxe3 cxd4 13. Nxf7 Qa5+ 14.
Ke2 Kxf7 15. Bxg6+ hxg6 16. Rhf1+ Ke7 17. Qg7+ Kd8 18. Qxh8+ Kc7 19. Rf7+ Kb8
20. Qxd4 Qh5+ 21. Kd2 Qxh2 22. Rd1 a5 23. Kc1 Ra6 24. Qg4 a4 25. a3 Qe5 26. Rd3
Rb6 27. Qd4 Qb5 28. c4 Qa5 29. Qc3 Qc5 30. Qd4 Qa5 31. Qc3 Qh5 32. Qd4 Bc5 33.
Qe4 Qh8 34. Rd2 Bxa3 35. Qd4 Qh1+ 36. Rd1 Bxb2+ 37. Kc2 Qxg2+ 38. Rd2 Bxd4 39.
Rxg2 Rb2+ 0-1